Espai personal : gestiona millor les teves sol·licituds de recursos humans : guia visual gestiona millor les teves sol·licituds de recursos humans :
Publicado:
Barcelona :
Diputació de Barcelona. Àrea d'Hisenda i Recursos Interns. Direcció dels Serveis de Recursos Humans, [2009]
Descripción Física:
1 díptic : il. ; 30 cm + 1 fulletó
MARC
| LEADER | 00000nam a2200000Ia 4500 | ||
|---|---|---|---|
| 001 | 22146 | ||
| 008 | 160829s9999 xx 000 0 cat d | ||
| 080 | |a FU-53-19 | ||
| 245 | |a Espai personal : |b gestiona millor les teves sol·licituds de recursos humans : |b guia visual | ||
| 260 | |a Barcelona : |b Diputació de Barcelona. Àrea d'Hisenda i Recursos Interns. Direcció dels Serveis de Recursos Humans, [2009] | ||
| 300 | |a 1 díptic : |b il. ; |c 30 cm + 1 fulletó | ||
| 610 | 1 | 0 | |a Barcelona (Catalunya : Província). |b Diputació |x Personal |x Administració |9 54134 |
| 650 | |a Intranets (Xarxes d'ordinadors) |x Barcelona |x Manuals, guies, etc. |9 39532 | ||
| 655 | 0 | |9 52956 |a Manuals, vademècums, etc. | |
| 710 | 1 | |a Barcelona (Catalunya : Província). |b Direcció dels Serveis de Recursos Humans |9 52859 | |
| 901 | |a Arxiu | ||
| 942 | |n 1 |2 udc | ||
| 952 | |0 0 |1 0 |4 0 |6 FU5319 |7 1 |9 49060 |a Arxiu |b Arxiu |d 2016-12-01 |l 0 |o FU-53-19 |p 22146 |r 2016-12-01 00:00:00 |w 2016-12-01 |y ARXIU | ||
| 999 | |c 52897 |d 52897 | ||